Movies Quiz

Random Movies or Nominee Quiz
Score 0/15 Timer 04:00
591 Plays Today
% Correct
Honey, I Shrunk the Kids
90.8%
Three Men and a Baby
90.4%
My Big Fat Greek Wedding
87.7%
No Country For Old Men
82.3%
How the Grinch Stole Christmas
79.4%
Charlie and the Chocolate Factory
79.4%
The Passion of the Christ
77.4%
As Good As It Gets
77.3%
% Correct
An Officer and a Gentleman
75.4%
Guess Who's Coming to Dinner?
73.5%
Robin Hood: Prince of Thieves
71.2%
Fast Times at Ridgemont High
68.6%
The Silence of the Lambs
68%
Mr. Smith Goes To Washington
62.7%
Girl With a Pearl Earring
53.8%
Remove Ads.
Support Sporcle.
Get the best of Sporcle when you Go Orange. This ad-free experience offers more features, more stats, and more fun while also helping to support Sporcle. Thank you for becoming a member.

You're not logged in!

Compare scores with friends on all Sporcle quizzes.
OR
Log In

Sporcle TV

Today on Sporcle TV


Watch our educational content, quiz creation guides, and fun videos on Sporcle TV.

Show Comments

Extras

Top Quizzes Today


Score Distribution

Paid Content

Your Account Isn't Verified!

In order to create a playlist on Sporcle, you need to verify the email address you used during registration. Go to your Sporcle Settings to finish the process.

Report this User

Report this user for behavior that violates our Community Guidelines.

Details: